เส้นทางเศรษฐี (ระเบียนเลขที่ 91951)
| 000 -LEADER | |
|---|---|
| fixed length control field | 00910nas a22002057a 4500 |
| 003 - CONTROL NUMBER IDENTIFIER | |
| control field | NALT |
| 005 - DATE AND TIME OF LATEST TRANSACTION | |
| control field | 20211103151830.0 |
| 008 - FIXED-LENGTH DATA ELEMENTS--GENERAL INFORMATION | |
| fixed length control field | 170829b th ||||| |||| 00| 0 tha d |
| 022 ## - INTERNATIONAL STANDARD SERIAL NUMBER | |
| International Standard Serial Number | 08591652 |
| 040 ## - CATALOGING SOURCE | |
| Original cataloging agency | NALT |
| 041 0# - LANGUAGE CODE | |
| Language code of text/sound track or separate title | tha |
| 245 10 - TITLE STATEMENT | |
| Title | เส้นทางเศรษฐี |
| 260 3# - PUBLICATION, DISTRIBUTION, ETC. | |
| Place of publication, distribution, etc. | กรุงเทพฯ : |
| Name of publisher, distributor, etc. | บริษัท มติชน จำกัด (มหาชน) |
| 310 ## - CURRENT PUBLICATION FREQUENCY | |
| Current publication frequency | รายปักษ์ |
| 500 ## - GENERAL NOTE | |
| General note | หยุดผลิตฉบับพิมพ์และปิดตัว ฉบับสุดท้ายคือ ปีที่ 25 ฉบับที่ 448 ปักษ์แรก 1 ม.ค. 2563 |
| 850 ## - HOLDING INSTITUTION | |
| Holding institution | NALT |
| 866 31 - TEXTUAL HOLDINGS--BASIC BIBLIOGRAPHIC UNIT | |
| Textual string | ปีที่ 25 ฉบับที่ 438-447 (มี.ค.-ธ.ค. 2562), ปีที่ 25 ฉบับที่ 448 (ม.ค. 2563) |
| 942 ## - ADDED ENTRY ELEMENTS (KOHA) | |
| Koha item type | Journal/Magazine |
| Source of classification or shelving scheme | Library of Congress Classification |
| Koha issues (borrowed), all copies | 5 |
| 998 ## - STAFF NAME (NALT) | |
| -- | 755 |
| -- | จินตนา เอี่ยมคง |
ไม่มีตัวเล่มให้บริการ
